000 00615nam a2200229Ia 4500
003 OSt
005 20220926044001.0
006 a|||||r|||| 00| 0
007 ta
008 220923b |||||||| |||| 00| 0 eng d
037 _cGeneral Book
040 _aRTL
_cRTL
_beng
041 _2eng
_aeng
082 _aY33, K31
100 _aBurgess Ernest W
245 0 _aContributions to urban sociology
260 _c1963
650 _aUrban Sociology
_934088
700 _a Bouge Donald J Ed.
_9348417
942 _hY33, K31
_cGB
_2CC
999 _c673690
_d673690